Quantum Computer Science. An Introduction

Na minha lista:
Detalhes bibliográficos
Autor principal: Mermin, N. David (Author)
Formato: Livro
Idioma:inglês
Publicado em: Cambridge : Cambridge University Press, 2007
Assuntos:
Tags: Adicionar Tag
Sem tags, seja o primeiro a adicionar uma tag!

MARC

LEADER 00000nam a22000003a 4500
001 stu150728
005 20251204145342.9
008 071123s2007----uk------------------eng-d
020 |a 978-0-521-87658-2 
040 |a STU  |b slo 
041 0 |a eng 
044 |a uk 
080 |a 681.3/Qu (MTF STU) 
100 1 |a Mermin, N. David  |4 aut 
245 1 |a Quantum Computer Science. An Introduction 
260 |a Cambridge :  |b Cambridge University Press,  |c 2007 
300 |a 220 s 
650 7 |a kvantové algoritmy a výpočty  |2 stusub 
650 7 |a kvantové algoritmy 
650 7 |a počítačová veda 
650 7 |a kvantová informatika 
996 |b 284IK06351  |c I*21KP5871  |l II680  |s A  |a 24  |w stu150728_0001 
996 |b 284M089810  |c M* 14916-1  |l MMST  |s A  |a 24  |w stu150728_0002